000
00304 a2200157 4500
001
163460
020
_a
040
_c
Magnum
100
_a
Souza, Paulo Rogério de
240
1
0
_a
Poing!
_l
por
245
1
0
_a
Poing!
300
_a
16
362
0
_a
1996
697
_a
LITERATURA INFANTIL
942
_c
BK
999
_c
163460
_d
163460